000 00299pam a2200145 a 4500
020 _c
041 _h
100 _aHarry Frank and
245 _aStatistics Concepts and applications
260 _c1995
300 _a853
653 _aStatistics
700 _aSteven C. Althoen
930 _a1017
999 _c246870
_d246870